• 首页
  • 本馆介绍
  • 公告通知
  • 最新文献
  • 馆藏检索
  • 电子资源
  • 读者导购
  • 参考咨询
  • 我的图书馆
  • 登录
  • 详细信息显示
  • 放入我的书架
  • 预约/预借图书
  • 作者相关作品
  • 分类相关作品
  • 丛书相关作品
  • 出版社相关作品

书目信息

  • 表格格式
  • 工作单格式
  • 卡片格式
题名:
席慕蓉经典作品
    
 
作者: 席慕蓉 著
分册:  
出版信息: 北京   当代世界出版社  2004
页数: 301页
开本: 23cm
丛书名: 港台名家名作
单 册:
中图分类: I217.62 , I217.2
科图分类:
主题词: 散文--中国--现代--选集 , 新诗--中国--现代--选集
电子资源:
ISBN: 7-80115-719-2
000 00893oam2 2200277 450
001 1557786126
005 20150118160344.35
010    @a7-80115-719-2@dCNY22.80
100    @a20041209d2004 em y0chiy50 ea
101 0  @achi
102    @aCN@b110000
105    @ay z 000zy
200 1  @a席慕蓉经典作品@9xi mu rong jing dian zuo pin@f席慕蓉著
210    @a北京@c当代世界出版社@d2004
215    @a301页@d23cm
225 2  @a港台名家名作
300    @a收藏书坊
330    @a本书收入作者60余篇散文、90余首诗歌作品,包括《谦卑的心》、《母亲最尊贵》、《床前的青春》、《七里香》、《一棵开花的树》、《古相思曲》等。
461  0 @12001 @a港台名家名作
606 0  @a散文@y中国@z现代@j选集
606 0  @a新诗@y中国@z现代@j选集
690    @aI217.62@v5
690    @aI217.2@v4
701  0 @a席慕蓉@9xi mu rong@c(女,@f1943.10~)@4著
801  0 @aCN@bTSSF@c20150115
905    @aZUCC@dI217.2@eJY259
    
    席慕蓉经典作品/席慕蓉著.-北京:当代世界出版社,2004
    301页;23cm.-(港台名家名作)
    收藏书坊
    
    ISBN 7-80115-719-2:CNY22.80
    本书收入作者60余篇散文、90余首诗歌作品,包括《谦卑的心》、《母亲最尊贵》、《床前的青春》、《七里香》、《一棵开花的树》、《古相思曲》等。
●
相关链接 在E读中查询图书 在五车中查询图书 在当当中查询图书 在豆瓣中查询图书


正题名:席慕蓉经典作品     索取号:I217.2/JY259         预约/预借

序号 登录号 条形码 馆藏地/架位号 状态 备注
1 7835491   278354914   学院路分馆/ [索取号:I217.2/JY259] 在馆    
唐山师范学院图书馆 欢迎您!
大连网信软件有限公司© 版权所有